Compensation Act 2006 (Record no. 105685)

MARC details
000 -LEADER
fixed length control field 01067cam a2200229 4500
001 - CONTROL NUMBER
control field ##L134464
008 - FIXED-LENGTH DATA ELEMENTS--GENERAL INFORMATION
fixed length control field 060808n2006 000 0 eng u
020 ## - INTERNATIONAL STANDARD BOOK NUMBER
International Standard Book Number 0105429066
035 ## - SYSTEM CONTROL NUMBER
System control number (Sirsi) u134464
041 0# - LANGUAGE CODE
Language code of text/sound track or separate title eng
050 04 - LIBRARY OF CONGRESS CALL NUMBER
Classification number 343.07 $2 18
245 00 - TITLE STATEMENT
Title Compensation Act 2006
260 ## - PUBLICATION, DISTRIBUTION, ETC.
Place of publication, distribution, etc. London
Name of publisher, distributor, etc. TSO
Date of publication, distribution, etc. 2006
520 ## - SUMMARY, ETC.
Summary, etc. Received Royal Assent on 25 July 2006. Part I, s3, establishes joint and several liability in cases where a person has contracted mesothelioma as a result of being negligently exposed to asbestos. This will enable victims of mesothelioma to receive full compensation from any responsible person; that person will then be able to claim contributions from any other responsible persons.
590 ## - LOCAL NOTE (RLIN)
Local note IKA220806, KA
650 24 - SUBJECT ADDED ENTRY--TOPICAL TERM
Topical term or geographic name entry element COMPENSATION ACT 2006
650 24 - SUBJECT ADDED ENTRY--TOPICAL TERM
Topical term or geographic name entry element COMPENSATION ACT 2006 S3
651 #4 - SUBJECT ADDED ENTRY--GEOGRAPHIC NAME
Geographic name United Kingdom
Chronological subdivision
690 ## - LOCAL SUBJECT ADDED ENTRY--TOPICAL TERM (OCLC, RLIN)
Topical term or geographic name as entry element MANAGEMENT-HEALTH AND SAFETY-HAZARDOUS SUBSTANCES-ASBESTOS
856 41 - ELECTRONIC LOCATION AND ACCESS
Uniform Resource Identifier <a href="https://www.opsi.gov.uk/acts/acts2006/20060029.htm">https://www.opsi.gov.uk/acts/acts2006/20060029.htm</a>
Public note View the item free of charge at www.opsi.gov.uk...
942 ## - ADDED ENTRY ELEMENTS (KOHA)
Suppress in OPAC 0
Holdings
Withdrawn status Lost status Source of classification or shelving scheme Damaged status Not for loan Home library Current library Shelving location Date acquired Total Checkouts Full call number Barcode Date last seen Copy number Price effective from Koha item type
    Dewey Decimal Classification     Virtual Virtual Online 08/08/2006   ONLINE PUBLICATION 134464-1001 06/08/2019 1 06/08/2019 Book